Vírus (Record no. 44910)
[ view plain ]
| 000 -Etiqueta do registo | |
|---|---|
| Valores | 00622nls a2200217 4500 |
| 100 ## - Dados gerais de processamento | |
| Dados gerais | 20120927a20129999m y0pory50030103ba |
| 101 0# - Língua de publicação | |
| Língua | por |
| 102 ## - País de publicação | |
| País | PT |
| 200 1# - Titulo e menção de responsabilidade | |
| Título próprio | Vírus |
| Informação de outro título | revista política e de ideias |
| Primeira menção de responsabilidade | ed. Bloco de Esquerda |
| Outras menções de responsabilidade | dir. Fernando Rosas |
| 210 #9 - Publicação | |
| Local de publicação | Lisboa |
| Nome do editor | Bloco de Esquerda, |
| Data de publicação | 2012- |
| 215 ## - Descrição física | |
| Paginação / Volumes | v. |
| 304 ## - Nota relativa ao título | |
| Texto de nota | Tít. do ecrã de apresenta—cão |
| 675 ## - CDU | |
| Notação | 32(05) |
| 675 ## - CDU | |
| Notação | 316.4(051)(0.034) |
| Edição | BN |
| Língua | por |
| 702 #1 - Autor secundário | |
| Apelido | Rosas, |
| Nome | Fernando, |
| Datas | 1946- |
| Função | 300 |
| 712 02 - Autor entidade secundário | |
| Nome da entidade | Bloco de Esquerda |
| 801 #0 - Fonte de origem | |
| País | PT |
| Agência | BN |
| Regras de catalogação | RPC |
| 856 40 - Localização e acesso electrónico | |
| URL | <a href="http://www.revistavirus.net/">http://www.revistavirus.net/</a> |
| 990 ## - Elementos KOHA | |
| Tipo de documento | Jornais e Revistas |
| Aquisição | Empréstimo | Código de barras | Cota | Permissão de empréstimo | Tipo de documento | Nota relativa ao exemplar |
|---|---|---|---|---|---|---|
| Biblioteca Municipal de Redondo | Biblioteca Municipal de Redondo | 055200 | 32(05) BLO | Consulta presencial | Jornais e Revistas | 2.ª série 2012 , n.º 2 |
| Biblioteca Municipal de Redondo | Biblioteca Municipal de Redondo | 055201 | 32(05) BLO | Consulta presencial | Jornais e Revistas | 2.ª série 2013 , n.º 3 |
| Biblioteca Municipal de Redondo | Biblioteca Municipal de Redondo | 055202 | 32(05) BLO | Consulta presencial | Jornais e Revistas | 2.ª série 2013 , n.º 4 |
| Biblioteca Municipal de Redondo | Biblioteca Municipal de Redondo | 055203 | 32(05) BLO | Consulta presencial | Jornais e Revistas | 2.ª série 2014 , n.º 5 |
| Biblioteca Municipal de Redondo | Biblioteca Municipal de Redondo | 055204 | 32(05) BLO | Consulta presencial | Jornais e Revistas | 2.ª série 2014 , n.º 6 |
| Biblioteca Municipal de Redondo | Biblioteca Municipal de Redondo | 055205 | 32(05) BLO | Consulta presencial | Jornais e Revistas | 2.ª série 2015 , n.º 7 |